[Event "II - May 2023 DRRT"]
[Site "SchemingMind.com"]
[Date "2023.07.19"]
[Round "-"]
[White "lontjr"]
[Black "Wojtek26"]
[Result "0-1"]
[WhiteCountry "USA"]
[BlackCountry "POL"]
[WhiteElo "1270"]
[WhiteRD "85"]
[BlackElo "1447"]
[BlackRD "71"]
[GameID "735781"]

1. e4 e5 2. Nf3 Nf6 3. Nxe5 Qe7 4. d4 Nxe4 5. Bd3 d6 6. Bxe4 dxe5 7. dxe5 Qxe5 8. O-O Be7 9. Re1 Qf6 10. Nc3 c6
11. Qh5 g6 12. Qh6 Be6 13. Nb5 Na6 14. Nc3 Nc5 15. Bf3 O-O-O 16. Qe3 Rhe8 17. Bd2 Bf5 18. Ne4 Nxe4 19. Bxe4 Bxe4 20. Qxa7 Bd6
21. Qa4 Qh4 22. g3 Qg4 23. Rxe4 Rxe4
0-1

[Event "II - May 2023 DRRT"]
[Site "SchemingMind.com"]
[Date "2023.07.19"]
[Round "-"]
[White "Wojtek26"]
[Black "lontjr"]
[Result "1-0"]
[WhiteCountry "POL"]
[BlackCountry "USA"]
[WhiteElo "1447"]
[WhiteRD "71"]
[BlackElo "1270"]
[BlackRD "85"]
[GameID "735782"]

1. d4 Nf6 2. e3 g6 3. Nf3 Bg7 4. c4 O-O 5. Be2 d6 6. O-O Nbd7 7. Nbd2 e5 8. dxe5 dxe5 9. b3 Nc5 10. Bb2 e4
11. Nd4 h5 12. Qc2 Qe7 13. Ba3 Bd7 14. Rab1 Qe5 15. Bb2 Bg4 16. Nb5 Qe7 17. Bxf6 Bxf6 18. Bxg4 hxg4 19. Nc3 Rad8 20. Ndxe4 Qe5
21. Nxc5 Qxc5 22. Ne4 Qe5 23. Rbd1 Rfe8 24. Rxd8 Rxd8 25. Nxf6+ Qxf6 26. Rd1 Rf8 27. Qd3 Qc6 28. Qd5
1-0

[Event "II - May 2023 DRRT"]
[Site "SchemingMind.com"]
[Date "2023.07.18"]
[Round "-"]
[White "lontjr"]
[Black "Sadalmelik"]
[Result "0-1"]
[WhiteCountry "USA"]
[BlackCountry "ITA"]
[WhiteElo "1270"]
[WhiteRD "85"]
[BlackElo "1469"]
[BlackRD "81"]
[GameID "735783"]

1. e4 e6 2. d4 Nf6 3. e5 Nd5 4. c4 Ne7 5. Nc3 b6 6. Nf3 Bb7 7. Be2 g6 8. O-O c6 9. Bg5 Bg7 10. h3 O-O
11. c5 bxc5 12. dxc5 h6 13. Be3 Qc7 14. Qd6 Qxd6 15. exd6 Nd5 16. Bd2 Na6 17. Rfe1 Nxc5 18. Rac1 g5
0-1

[Event "II - May 2023 DRRT"]
[Site "SchemingMind.com"]
[Date "2023.07.22"]
[Round "-"]
[White "Sadalmelik"]
[Black "lontjr"]
[Result "1-0"]
[WhiteCountry "ITA"]
[BlackCountry "USA"]
[WhiteElo "1469"]
[WhiteRD "81"]
[BlackElo "1270"]
[BlackRD "85"]
[GameID "735784"]

1. d4 Nf6 2. c4 e6 3. Nf3 Bb4+ 4. Nc3 b6 5. Bd2 Bb7 6. a3 Bxc3 7. Bxc3 O-O 8. Qc2 a5 9. O-O-O Ne4 10. Be1 d5
11. e3 Nc6 12. Bd3 f5 13. cxd5 exd5 14. Nd2 Qg5 15. g3 Qh5 16. Nxe4 Qf3 17. Ng5 Qg4 18. Ne6
1-0

[Event "II - May 2023 DRRT"]
[Site "SchemingMind.com"]
[Date "2023.07.17"]
[Round "-"]
[White "lontjr"]
[Black "Arnold Jones"]
[Result "0-1"]
[WhiteCountry "USA"]
[BlackCountry "ENG"]
[WhiteElo "1319"]
[WhiteRD "104"]
[BlackElo "1524"]
[BlackRD "59"]
[GameID "735785"]

1. e4 c5 2. Nc3 e6 3. f4 Nc6 4. Nf3 d5 5. Bb5 Bd7 6. exd5 Nd4 7. Bxd7+ Qxd7 8. Nxd4 cxd4 9. dxe6 Qxe6+ 10. Kf2 dxc3
11. Re1 Bc5+ 12. Kf1 Qxe1+ 13. Qxe1+ Ne7 14. dxc3 O-O 15. Be3 Bxe3 16. Qxe3 Nc6 17. f5 Rfe8 18. Qg3 Ne5 19. f6 g6 20. Re1 Nc4
21. Rxe8+ Rxe8 22. Qh4 Ne3+ 23. Kf2 h5 24. g4 Nxg4+ 25. Kf3 Re3+ 26. Kf4 Re6 27. h3 Nxf6 28. Kg5 Nh7+ 29. Kf4 g5+
0-1

[Event "II - May 2023 DRRT"]
[Site "SchemingMind.com"]
[Date "2023.07.17"]
[Round "-"]
[White "Arnold Jones"]
[Black "lontjr"]
[Result "1-0"]
[WhiteCountry "ENG"]
[BlackCountry "USA"]
[WhiteElo "1524"]
[WhiteRD "59"]
[BlackElo "1319"]
[BlackRD "104"]
[GameID "735786"]

1. d4 Nf6 2. g3 g6 3. Bg2 Bg7 4. Bf4 O-O 5. c4 d6 6. Nf3 Nbd7 7. Nc3 Nh5 8. Bc1 e5 9. Qb3 exd4 10. Ne4 b6
11. O-O Qe7 12. Qd3 c5 13. Ne1 f5 14. Nd2 Rb8 15. Bd5+ Kh8 16. Ndf3 Bf6 17. Bh6 Rg8 18. Bxg8 Kxg8 19. Bc1 Ne5 20. Nxe5 Bxe5
21. f4 Bg7 22. Nc2 Bb7 23. Ne1 Rd8 24. Qc2 d5 25. cxd5 Rxd5 26. Qc4 Nf6 27. Nd3 Ne4 28. a4 Nd6 29. Qa2 Qxe2 30. Nf2 d3
31. Rd1 Bd4 32. Rf1 Kg7 33. Rb1 Qf3 34. b3 Ba6 35. Bb2 d2 36. Bxd4+ cxd4 37. Rfd1 Ne4 38. Nxe4 fxe4 39. b4 Rh5 40. Rxd2
1-0

[Event "II - May 2023 DRRT"]
[Site "SchemingMind.com"]
[Date "2023.07.18"]
[Round "-"]
[White "capablanca"]
[Black "Clive Everill"]
[Result "1-0"]
[WhiteCountry "GER"]
[BlackCountry "CZE"]
[WhiteElo "1744"]
[WhiteRD "75"]
[BlackElo "1654"]
[BlackRD "59"]
[GameID "735794"]

1. e4 e5 2. Nf3 Nc6 3. Bc4 Bc5 4. d3 h6 5. Nc3 Nf6 6. O-O O-O 7. Be3 Bb6 8. Nd5 d6 9. Nxb6 axb6 10. h3 Re8
11. a3 Na5 12. Ba2 c5 13. b4 Nc6 14. c3 Be6 15. Bxe6 Rxe6 16. Qd2 Nh7 17. d4 exd4 18. cxd4 Rxe4 19. dxc5 bxc5 20. bxc5 d5
21. Nd4 Nf6 22. Nb5 Ne8 23. Rfc1= Rea4 24. Rd1 Ne7 25. Bd4 f6 26. Qb2 Nf5 27. Bc3 Nc7 28. Nxc7 Qxc7 29. Rxd5 Ne7 30. Rd3 Nc6
31. Rg3 Ne5 32. Bb4 Kh8 33. Qb3 Nc6 34. Rd1 Nxb4 35. axb4 Ra3 36. Qxa3 Rxa3 37. Rxa3 b6 38. cxb6 Qxb6 39. Rb3 Qe6 40. Rdb1 Qb6
41. b5 Kh7 42. Rc3 Qa5 43. Rc6 Qa2 44. Rcc1 Kg8 45. b6 Qa8 46. b7
1-0

[Event "II - May 2023 DRRT"]
[Site "SchemingMind.com"]
[Date "2023.07.18"]
[Round "-"]
[White "Clive Everill"]
[Black "capablanca"]
[Result "0-1"]
[WhiteCountry "CZE"]
[BlackCountry "GER"]
[WhiteElo "1610"]
[WhiteRD "61"]
[BlackElo "1796"]
[BlackRD "93"]
[GameID "735795"]

1. Nf3 d5 2. c4 dxc4 3. e3 Nc6 4. Bxc4 Bf5 5. Qb3 e6 6. O-O Rb8 7. a3 Na5 8. Qa2 Nxc4 9. Qxc4 Bd3 10. Qa4+ b5
11. Qxa7 Bxf1 12. Kxf1 Nf6 13. Nc3 Bd6 14. g3 O-O 15. d4 Qc8 16. d5 exd5 17. Qd4 c5 18. Qh4 Qg4 19. Qxg4 Nxg4 20. Nxd5 Ne5
21. Nd2 Nd3 22. Ke2 Nxc1+ 23. Rxc1 Rfe8 24. Nb3 Re5 25. Nf4 c4 26. Nd4 Ree8 27. Kf3 Bc5 28. Nc6 Rb6 29. Nd4 Rbb8 30. b4 cxb3
31. Rxc5 b2 32. Rxb5 Rxb5
0-1

[Event "II - May 2023 DRRT"]
[Site "SchemingMind.com"]
[Date "2023.07.18"]
[Round "-"]
[White "Clive Everill"]
[Black "lontjr"]
[Result "1-0"]
[WhiteCountry "CZE"]
[BlackCountry "USA"]
[WhiteElo "1679"]
[WhiteRD "61"]
[BlackElo "1371"]
[BlackRD "99"]
[GameID "735796"]

1. e4 c5 2. Nc3 g6 3. f4 Bg7 4. g3 Nc6 5. Bg2 d6 6. Nge2 e6 7. O-O Nge7 8. d3 O-O 9. Be3 Nd4 10. Qd2 Rb8
11. Nd1 b5 12. Nc1 e5 13. fxe5 dxe5 14. c3 Ne6 15. Nb3 c4 16. dxc4 Qxd2 17. Nxd2 bxc4 18. Bxa7 Ra8 19. Be3 Ba6 20. Bh3 Rfb8
21. Bxe6 fxe6 22. Nf2 h5 23. Nh3 Rf8 24. Bg5 Nc6 25. Nf3 Bb7 26. Nd2 Ba6 27. Rxf8+ Rxf8 28. Be3 Bf6 29. b3 Na5 30. Bb6 Bd8
31. Bxd8 Rxd8 32. Nf3 Nc6 33. Kf2 Rf8 34. Ke3 Rd8 35. Nf2 cxb3 36. axb3 Bb5 37. c4 Nd4 38. Rd1 Nc2+ 39. Ke2 Rxd1 40. Kxd1 Ne3+
41. Ke2 Bxc4+ 42. bxc4 Nxc4 43. Nd3 Kg7 44. Nfxe5
1-0

[Event "II - May 2023 DRRT"]
[Site "SchemingMind.com"]
[Date "2023.07.18"]
[Round "-"]
[White "Clive Everill"]
[Black "pmdpsp"]
[Result "0-1"]
[WhiteCountry "CZE"]
[BlackCountry "GER"]
[WhiteElo "1610"]
[WhiteRD "61"]
[BlackElo "1680"]
[BlackRD "79"]
[GameID "735798"]

1. Nf3 Nc6 2. g3 Nf6 3. d4 d5 4. c4 e6 5. Bg2 Bb4+ 6. Bd2 O-O 7. O-O dxc4 8. Bxb4 Nxb4 9. Nc3 Qe7 10. a3 Nc6
11. Qa4 Bd7 12. Qxc4 Rfd8 13. e3 Rac8 14. Qe2 Na5 15. Ne5 Be8 16. b4 Nc6 17. Nxc6 Bxc6 18. Bxc6 bxc6 19. Qa6 Nd5 20. Qxc6 Nxc3
21. Qxc3 c6 22. Rac1 Qb7 23. Rc2 Rd7 24. Rfc1 Rdc7 25. b5 g6 26. bxc6 Rxc6 27. Qd2 Rxc2 28. Rxc2 Qb1+ 29. Kg2 Rxc2 30. Qa5 Qb7+
31. Kh3 Rxf2 32. Qd8+ Kg7 33. Qg5 Qg2+ 34. Kg4 h5+
0-1

[Event "II - May 2023 DRRT"]
[Site "SchemingMind.com"]
[Date "2023.07.18"]
[Round "-"]
[White "pmdpsp"]
[Black "Clive Everill"]
[Result "1-0"]
[WhiteCountry "GER"]
[BlackCountry "CZE"]
[WhiteElo "1680"]
[WhiteRD "79"]
[BlackElo "1610"]
[BlackRD "61"]
[GameID "735799"]

1. e4 e5 2. Nf3 Nc6 3. Bb5 g6 4. O-O Bg7 5. Re1 a6 6. Ba4 Nge7 7. c3 O-O 8. d4 exd4 9. cxd4 d6 10. Nc3 Bg4
11. h3 Bd7 12. Bg5 f6 13. Bh4 Kh8 14. Bb3 Qc8 15. Kh2 f5 16. e5 dxe5 17. Bxe7 Nxe7 18. dxe5 Nc6 19. e6 Be8 20. e7 Rf6
21. Qe2 Na5 22. Rad1 Nc6 23. Nd4 Nxd4 24. Rxd4 Rd6 25. Rxd6 cxd6 26. Rd1 Be5+ 27. g3 g5 28. Qe3 h6 29. h4 f4 30. Qf3 Bc6
31. Nd5 Bxd5 32. Qxd5 gxh4 33. Qf7 hxg3+ 34. fxg3 fxg3+ 35. Kg2 Qc6+ 36. Kh3 g2 37. Rg1 Re8 38. Qf8+ Kh7 39. Be6
1-0

[Event "II - May 2023 DRRT"]
[Site "SchemingMind.com"]
[Date "2023.07.18"]
[Round "-"]
[White "Clive Everill"]
[Black "ray winteringham"]
[Result "1-0"]
[WhiteCountry "CZE"]
[BlackCountry "ENG"]
[WhiteElo "1610"]
[WhiteRD "61"]
[BlackElo "1434"]
[BlackRD "48"]
[GameID "735802"]

1. e4 e5 2. Nc3 Nf6 3. f4 Bd6 4. Nf3 Qe7 5. fxe5 Bxe5 6. d4 Bd6 7. Bd3 b6 8. O-O Bb4 9. Nd5 Nxd5 10. exd5 O-O
11. c3 Bd6 12. Re1 Qd8 13. Qc2 Bb7 14. c4 g6 15. Bg5 f6 16. Bh6 Re8 17. Bxg6 Bf8 18. Rxe8 Qxe8 19. Bxe8 Bxh6 20. Qe4 c6
21. Qe7
1-0

[Event "II - May 2023 DRRT"]
[Site "SchemingMind.com"]
[Date "2023.07.18"]
[Round "-"]
[White "ray winteringham"]
[Black "Clive Everill"]
[Result "0-1"]
[WhiteCountry "ENG"]
[BlackCountry "CZE"]
[WhiteElo "1434"]
[WhiteRD "48"]
[BlackElo "1610"]
[BlackRD "61"]
[GameID "735803"]

1. e4 d5 2. exd5 Qxd5 3. Nc3 Qd6 4. h3 Nf6 5. Nf3 c6 6. Be2 e5 7. d3 Be7 8. O-O O-O 9. a4 Nbd7 10. Be3 b6
11. Qb1 Bb7 12. Rd1 Qc7 13. Na2 Bd6 14. c3 c5 15. c4 e4 16. Nd2 exd3 17. Bxd3 Ne5 18. Bc2 g6 19. Bh6 Rfe8 20. Nc3 Qc6
21. f3 Nh5 22. Nd5 Qd7 23. g4 Bxd5 24. cxd5 Ng7 25. Ne4 Be7 26. d6 Bd8 27. Bg5 Nxf3+ 28. Kg2 Nxg5 29. a5 bxa5 30. Nxc5 Qc6+
31. Ne4 Nxe4
0-1

[Event "II - May 2023 DRRT"]
[Site "SchemingMind.com"]
[Date "2023.07.18"]
[Round "-"]
[White "Clive Everill"]
[Black "Chessibelle"]
[Result "1-0"]
[WhiteCountry "CZE"]
[BlackCountry "ENG"]
[WhiteElo "1610"]
[WhiteRD "61"]
[BlackElo "1142"]
[BlackRD "58"]
[GameID "735804"]

1. e4 e5 2. Nc3 a6 3. f4 Nc6 4. Nf3 d6 5. Bc4 h6 6. O-O Nf6 7. d4 Bd7 8. a3 Na7 9. fxe5 Ng8 10. Ne1 f6
11. e6 Bc8 12. Qh5+ Ke7 13. Qf7#
1-0

[Event "II - May 2023 DRRT"]
[Site "SchemingMind.com"]
[Date "2023.07.19"]
[Round "-"]
[White "Chessibelle"]
[Black "Clive Everill"]
[Result "0-1"]
[WhiteCountry "ENG"]
[BlackCountry "CZE"]
[WhiteElo "1106"]
[WhiteRD "57"]
[BlackElo "1654"]
[BlackRD "59"]
[GameID "735805"]

1. Nf3 d5 2. d4 c6 3. Bd2 e6 4. e3 Nf6 5. g3 Nbd7 6. Be2 c5 7. O-O Be7 8. Nc3 O-O 9. Bd3 c4 10. Be2 Bb4
11. a3 Ba5 12. Nh4 e5 13. Bf3 e4 14. Bg2 Bxc3 15. Bxc3 Nb6 16. f3 exf3 17. Qxf3 Bg4 18. Qf2 Na4 19. Bb4 Re8 20. h3 Be6
21. Bd2 Rb8 22. Rab1 b5 23. b3 Nb6 24. Nf3 Qc8 25. Ng5 h6 26. Nxe6 Rxe6 27. h4 Rb7 28. Rbe1 Ng4 29. Qxf7+ Rxf7
0-1

[Event "II - May 2023 DRRT"]
[Site "SchemingMind.com"]
[Date "2023.07.18"]
[Round "-"]
[White "Clive Everill"]
[Black "Sadalmelik"]
[Result "1-0"]
[WhiteCountry "CZE"]
[BlackCountry "ITA"]
[WhiteElo "1654"]
[WhiteRD "59"]
[BlackElo "1471"]
[BlackRD "92"]
[GameID "735808"]

1. e4 d5 2. exd5 e6 3. dxe6 Bxe6 4. Nf3 Nf6 5. d4 c5 6. Bb5+ Nc6 7. Bg5 a6 8. Bxc6+ bxc6 9. O-O Be7 10. dxc5 Qc7
11. b4 O-O 12. Nc3 Rad8 13. Qc1 Rd7 14. Re1 Rfd8 15. Ne5 Rd4 16. a3 h6 17. Bf4 Qc8 18. Ne2 R4d5 19. c4 Rd4 20. Nxd4 Rxd4
21. Rd1 Rxd1+ 22. Qxd1 Ne4 23. f3 Nf6 24. Qd4 Nh5 25. Qe4 Nxf4 26. Qxf4 Bf6 27. Re1 Qe8 28. Ng4 Bg5 29. Qe4 Qc8 30. Ne5 Bd7
31. Rd1 Be8 32. f4 Bf6 33. Nf3 Bd7 34. h3 Bf5 35. Qe3 Bc2 36. Rd2 Bg6 37. g4 Bd8 38. f5
1-0